Bahasa natural dan tatabahasa sejagat : esei dalam teori linguistik

Bibliographic Details
Main Author: Lyons, John
Other Authors: Noresah Baharom, Zaiton Ab. Rahman , 1952-
Format: Book
Published: Kuala Lumpur : DBP , 1995
Subjects:

MARC

LEADER 00000cam a2200000 7i4500
001 0000007846
002 000008419
005 20000330.0
020 |a 983625076X 
090 0 0 |a 410   |b LYO 
100 1 |a Lyons, John 
245 1 0 |a Bahasa natural dan tatabahasa sejagat :   |b esei dalam teori linguistik   |c John Lyons 
255 |a Jilid 1 
260 |a Kuala Lumpur :   |b DBP ,   |c 1995 
300 |a 392p. ;   |c 21cm. 
650 0 0 |a Language and languages 
650 0 0 |a Linguistics 
700 0 |a Noresah Baharom 
700 0 |a Zaiton Ab. Rahman ,   |d 1952- 
999 |a 051334   |b BUKU   |c PINJAMAN   |e PERPUSTAKAAN KOMUNITI PETALING JAYA 
999 |a 051335   |b BUKU   |c PINJAMAN   |e PERPUSTAKAAN KOMUNITI PETALING JAYA